|
|
|
|
| LEADER |
00860ncm a22002412a 4500 |
| 001 |
000618900 |
| 003 |
CZ BrMZK |
| 005 |
20110125161616.0 |
| 007 |
qu |
| 008 |
020826s1933 xr f cze d |
| 040 |
|
|
|a BOA001
|b cze
|c BOA001
|
| 072 |
|
7 |
|a 784
|x Vokální hudba
|2 Konspekt
|9 9
|
| 100 |
1 |
|
|a May, Hans,
|d 1886-1958
|7 mzk2011621466
|4 cmp
|
| 245 |
1 |
0 |
|a Zda víš, zda víš!
|h [hudebnina] :
|b píseň a waltz ze zvuk. filmu Píseň šla světem /
|c Hanz May ; český text Volkov a Razov
|
| 260 |
|
|
|a V Praze :
|b Vlk,
|c 1933
|
| 300 |
|
|
|a 1 sv. (nestránkován)
|
| 500 |
|
|
|a Zpěv
|
| 700 |
1 |
|
|a Volkov, Jan,
|d 1898-1971
|7 jo2009521389
|4 lyr
|
| 700 |
1 |
|
|a Razov, Saša,
|d 1893-1956
|7 jk01102141
|
| 910 |
|
|
|a BOA001
|b Mus1-0589.786
|
| 990 |
|
|
|a MU
|
| 991 |
|
|
|b 200911
|
| 996 |
6 |
|
|b 2619690639
|c Mus1-0589.786
|l MZK
|r Sklad / do 1 hodiny
|n 1
|w 000618900
|u 000010
|a 1
|e BOA001
|j MZK50
|s P
|